[Event "South America-ch U12 17th"]
[Site "Guayaquil"]
[Date "2022.01.28"]
[Round "6"]
[White "Ramirez Mori, Angel Farid"]
[Black "Ulloa Centeno, Luis Manuel"]
[Result "0-1"]
[WhiteElo "1102"]
[BlackElo "1301"]
[PlyCount "42"]
[EventDate "2022.01.25"]
[EventType "swiss"]
[EventRounds "9"]
[EventCountry "ECU"]
[SourceTitle "CBM 206 Extra"]
[Source "ChessBase"]
[SourceDate "2022.03.31"]
[SourceVersion "1"]
[SourceVersionDate "2022.03.31"]
[SourceQuality "1"]

1. e4 e6 2. d4 d5 3. exd5 exd5 4. Bd3 c5 5. dxc5 Bxc5 6. Nf3 Nf6 7. 0-0 Nc6 8. Re1+ Be6 9. Ng5 0-0 10. Rxe6 fxe6 11. Nxe6 Bxf2+ 12. Kh1 Qd7 13. Nxf8 Rxf8 14. Bf4 Ng4 15. Qd2 Qf7 16. g3 Qh5 17. h4 g5 18. Bxg5 Bxg3 19. Bxh7+ Qxh7 20. Qxd5+ Kh8 21. Qc5 Qe4+ 0-1

[Event "ECU-ch Qual Blitz"]
[Site "Chess.com INT"]
[Date "2021.06.25"]
[Round "2"]
[White "Garcia De la Rosa, Daniel Vladimir"]
[Black "Ulloa Centeno, Luis Manuel"]
[Result "0-1"]
[WhiteElo "1482"]
[BlackElo "1781"]
[PlyCount "136"]
[EventDate "2021.06.25"]
[EventType "swiss (blitz)"]
[EventRounds "9"]
[EventCountry "ECU"]
[SourceTitle "CBM 203 Extra"]
[Source "ChessBase"]
[SourceDate "2021.09.30"]
[SourceVersion "1"]
[SourceVersionDate "2021.09.30"]
[SourceQuality "1"]

1. e4 d5 2. exd5 Qxd5 3. Nc3 Qa5 4. Nf3 c6 5. Bc4 Nf6 6. 0-0 Bf5 7. d3 e6 8. Re1 Bb4 9. Bd2 Qc7 10. Nd4 Bg4 11. f3 Bc5 12. Be3 Bh5 13. Kh1 Nbd7 14. Nf5 0-0 15. Bxc5 Nxc5 16. Ne3 a5 17. a4 Nd5 18. Bxd5 cxd5 19. Nb5 Qd7 20. d4 Na6 21. c3 Nc7 22. Qb3 Nxb5 23. Qxb5 Qxb5 24. axb5 b6 25. Ra3 Bg6 26. Rea1 Rac8 27. b4 axb4 28. cxb4 Rc7 29. Ra6 Rfc8 30. h3 Rb8 31. Ra8 Rcb7 32. R1a6 h6 33. Ng4 Bd3 34. Ne5 Bxb5 35. Rxb8+ Rxb8 36. Ra7 Be8 37. b5 f6 38. Nc6 Bxc6 39. bxc6 Rc8 40. c7 Kf7 41. Rb7 Ke7 42. Rxb6 Rxc7 43. Rb8 Kf7 44. Rb4 Rc4 45. Rb7+ Kg6 46. Re7 Kf5 47. g4+ Kf4 48. Rxe6 Rxd4 49. Re7 g5 50. Kg2 Rd2+ 51. Kg1 Kxf3 52. Re1 Rg2+ 53. Kh1 Ra2 54. Kg1 d4 55. Rf1+ Ke3 56. Rxf6 d3 57. Re6+ Kf3 58. Rf6+ Kg3 59. Rd6 d2 60. Rd3+ Kf4 61. Kf1 Ke4 62. Rd7 Ra1+ 63. Ke2 d1Q+ 64. Rxd1 Rxd1 65. Kxd1 Kf3 66. Ke1 Kg3 67. Ke2 Kxh3 68. Kf3 Kh4 0-1

[Event "ECU-ch Qual Blitz"]
[Site "Chess.com INT"]
[Date "2021.06.25"]
[Round "5"]
[White "Ulloa Centeno, Leandro Nicolas"]
[Black "Ulloa Centeno, Luis Manuel"]
[Result "1/2-1/2"]
[WhiteElo "1926"]
[BlackElo "1781"]
[PlyCount "86"]
[EventDate "2021.06.25"]
[EventType "swiss (blitz)"]
[EventRounds "9"]
[EventCountry "ECU"]
[SourceTitle "CBM 203 Extra"]
[Source "ChessBase"]
[SourceDate "2021.09.30"]
[SourceVersion "1"]
[SourceVersionDate "2021.09.30"]
[SourceQuality "1"]

1. d4 e6 2. Bf4 f5 3. Nf3 Nf6 4. e3 c6 5. Nbd2 d5 6. Ne5 Nbd7 7. c3 Be7 8. Be2 0-0 9. 0-0 Nxe5 10. Bxe5 Ne4 11. f4 Bd7 12. Rf3 Bf6 13. Nxe4 dxe4 14. Rg3 Bxe5 15. dxe5 Qe7 16. Rh3 Rfd8 17. Qe1 Be8 18. g4 fxg4 19. Bxg4 Bg6 20. Rg3 Bf5 21. Bxf5 exf5 22. Qe2 Qf7 23. a3 Rd3 24. Rd1 Rad8 25. Rxd3 Rxd3 26. h3 Qb3 27. Kh2 Qd1 28. Rg2 Qxe2 29. Rxe2 Kf7 30. Kg2 Ke6 31. Kf2 Rd1 32. Re1 Rd2+ 33. Re2 Rd1 34. Kg2 g6 35. Kf2 a6 36. Re1 Rd2+ 37. Re2 Rd1 38. Kg2 b6 39. Kf2 a5 40. Re1 Rd2+ 41. Re2 Rd1 42. Re1 Rd2+ 43. Re2 Rd1 1/2-1/2

[Event "ECU-ch Qual Blitz"]
[Site "Chess.com INT"]
[Date "2021.06.25"]
[Round "3"]
[White "Ulloa Centeno, Luis Manuel"]
[Black "Cardenas Medrano, Areli Dayalem"]
[Result "1-0"]
[WhiteElo "1781"]
[BlackElo "1119"]
[PlyCount "129"]
[EventDate "2021.06.25"]
[EventType "swiss (blitz)"]
[EventRounds "9"]
[EventCountry "ECU"]
[SourceTitle "CBM 203 Extra"]
[Source "ChessBase"]
[SourceDate "2021.09.30"]
[SourceVersion "1"]
[SourceVersionDate "2021.09.30"]
[SourceQuality "1"]

1. d4 d5 2. Nf3 Nc6 3. Bf4 Bf5 4. e3 Nf6 5. Bd3 Bg6 6. 0-0 e6 7. c4 dxc4 8. Bxc4 Bd6 9. Bxd6 Qxd6 10. Nc3 0-0 11. Re1 Ne4 12. Bd3 Nxc3 13. bxc3 Bxd3 14. Qxd3 Rae8 15. e4 e5 16. d5 Ne7 17. Rab1 b6 18. c4 Ng6 19. h3 Nf4 20. Qc3 Qg6 21. Nh4 Nxh3+ 22. Qxh3 Qf6 23. Nf3 Qg6 24. Qf5 Qd6 25. Rec1 g6 26. Qg5 Kg7 27. Nh4 Kh8 28. Qh6 Rg8 29. Nf3 Rg7 30. Rb3 Qf6 31. Rbc3 Reg8 32. c5 b5 33. Qg5 Qxg5 34. Nxg5 a6 35. d6 cxd6 36. cxd6 f6 37. Ne6 Rd7 38. Rd3 Re8 39. Nc5 Rg7 40. Rcd1 Rd8 41. Ne6 Rgd7 42. Nxd8 Rxd8 43. d7 Kg7 44. Rc1 Kf7 45. Rc8 Ke7 46. Rxd8 Kxd8 47. Rd6 a5 48. Rxf6 Kxd7 49. Ra6 a4 50. Rb6 Kc7 51. Rxb5 Kd6 52. Ra5 a3 53. Rxa3 Kc5 54. Ra7 Kd4 55. Rxh7 Kxe4 56. a4 Kd4 57. Rb7 e4 58. a5 e3 59. fxe3+ Kxe3 60. a6 g5 61. a7 g4 62. a8Q g3 63. Qa3+ Kd2 64. Rb2+ Kc1 65. Qa1# 1-0

[Event "Preinscritos IRT Online"]
[Site "Chess.com INT"]
[Date "2020.12.26"]
[Round "9"]
[White "Ulloa Centeno, Luis Manuel"]
[Black "Cajeca Yata, Josue Daniel"]
[Result "1-0"]
[WhiteElo "1644"]
[BlackElo "1324"]
[PlyCount "73"]
[EventDate "2020.12.26"]
[EventType "swiss"]
[EventRounds "11"]
[EventCountry "ECU"]
[SourceTitle "CBM 200 Extra"]
[Source "ChessBase"]
[SourceDate "2021.03.31"]
[SourceVersion "1"]
[SourceVersionDate "2021.03.31"]
[SourceQuality "1"]

1. d4 g6 2. Bf4 Bg7 3. Nf3 d6 4. e3 Nf6 5. Be2 0-0 6. 0-0 c5 7. c3 cxd4 8. cxd4 Bg4 9. Nc3 Nbd7 10. h3 Bxf3 11. Bxf3 Rb8 12. e4 Nb6 13. e5 Nfd7 14. exd6 Ra8 15. dxe7 Qxe7 16. Nd5 Qd8 17. Bc7 Qc8 18. Ne7+ Kh8 19. Nxc8 Raxc8 20. Bxb6 Nxb6 21. Bxb7 Rcd8 22. d5 Rd7 23. Bc6 Rd6 24. Qb3 Rfd8 25. Rad1 h5 26. Rd3 Be5 27. f4 Bg7 28. a4 Nc8 29. Re1 a5 30. Qb7 Kg8 31. Qb3 Ne7 32. Rxe7 Rf6 33. Re8+ Rxe8 34. Bxe8 Rxf4 35. d6 Bd4+ 36. Rxd4 Rxd4 37. Qxf7+ 1-0

[Event "Preinscritos IRT Online"]
[Site "Chess.com INT"]
[Date "2020.12.26"]
[Round "11"]
[White "Ulloa Centeno, Luis Manuel"]
[Black "Pacheco Rodriguez, Andres Emir"]
[Result "1-0"]
[WhiteElo "1644"]
[BlackElo "1543"]
[PlyCount "125"]
[EventDate "2020.12.26"]
[EventType "swiss"]
[EventRounds "11"]
[EventCountry "ECU"]
[SourceTitle "CBM 200 Extra"]
[Source "ChessBase"]
[SourceDate "2021.03.31"]
[SourceVersion "1"]
[SourceVersionDate "2021.03.31"]
[SourceQuality "1"]

1. d4 Nf6 2. Bf4 g6 3. Nf3 d5 4. e3 Bg7 5. Bd3 0-0 6. 0-0 b6 7. c3 Ba6 8. Bxa6 Nxa6 9. Qd3 Qc8 10. Nbd2 c5 11. Ne5 e6 12. Bg3 c4 13. Qc2 Nd7 14. f4 f5 15. Ndf3 Nc7 16. Nc6 Qe8 17. Nfe5 Nf6 18. Nf3 Ne4 19. Nce5 Nf6 20. Bh4 Ne4 21. Ng5 Nxg5 22. Bxg5 Bxe5 23. fxe5 Qf7 24. Bh6 Rfe8 25. Qf2 Nb5 26. a4 Nc7 27. Qg3 Re7 28. Qh4 Rd7 29. Bg5 Ne8 30. Rf3 h5 31. Rg3 Qh7 32. Qf4 Kf7 33. Bh4 Ng7 34. Qg5 Ne8 35. Rf3 Kg7 36. Raf1 Qh6 37. Qxh6+ Kxh6 38. Rg3 Ng7 39. Bf6 Ne8 40. Bg5+ Kh7 41. Rgf3 Rg7 42. h3 Nc7 43. g4 hxg4 44. hxg4 fxg4 45. Rg3 Kg8 46. Rxg4 Rf7 47. Rxf7 Kxf7 48. Rh4 Rg8 49. Rh7+ Rg7 50. Rh2 Ne8 51. Rf2+ Kg8 52. Kg2 Rf7 53. Rxf7 Kxf7 54. Kg3 Ng7 55. Kg4 a6 56. Bh6 b5 57. axb5 axb5 58. Bxg7 Kxg7 59. Kg5 Kh7 60. Kf6 Kh6 61. Kxe6 g5 62. Kf5 g4 63. Kxg4 1-0

[Event "ECU Clasif2 U13"]
[Site "Chess.com INT"]
[Date "2020.12.18"]
[Round "6"]
[White "Toala Velez, Dayra Jamileth"]
[Black "Ulloa Centeno, Luis Manuel"]
[Result "1-0"]
[WhiteElo "1173"]
[BlackElo "1180"]
[PlyCount "65"]
[EventDate "2020.12.18"]
[EventType "swiss"]
[EventRounds "9"]
[EventCountry "ECU"]
[SourceTitle "EXT 2022"]
[Source "ChessBase"]
[SourceDate "2021.10.06"]
[SourceVersion "1"]
[SourceVersionDate "2021.10.06"]
[SourceQuality "1"]

1. d4 f5 2. Nf3 Nf6 3. Bf4 e6 4. e3 d5 5. c4 c6 6. Nc3 Bd6 7. Ne5 0-0 8. Be2 Nbd7 9. Nxc6 Qc7 10. Ne7+ Kh8 11. Nxc8 Raxc8 12. Bxd6 Qxd6 13. c5 Qc7 14. 0-0 Ne4 15. Nxe4 fxe4 16. Bg4 Qc6 17. b4 Nf6 18. Bh3 Rce8 19. a4 a6 20. Rb1 e5 21. b5 axb5 22. axb5 Qc7 23. Re1 Ra8 24. Be6 Ra2 25. Qb3 Rfa8 26. Bxd5 R8a3 27. b6 Qd7 28. Qc4 Qxd5 29. Qxd5 Nxd5 30. c6 bxc6 31. b7 Ra8 32. b8Q+ Rxb8 33. Rxb8# 1-0

[Event "ECU Clasif1 U13"]
[Site "Chess.com INT"]
[Date "2020.12.17"]
[Round "1"]
[White "Salazar Flores, Yerick Alexander"]
[Black "Ulloa Centeno, Luis Manuel"]
[Result "0-1"]
[WhiteElo "1192"]
[BlackElo "1180"]
[PlyCount "39"]
[EventDate "2020.12.17"]
[EventType "swiss"]
[EventRounds "9"]
[EventCountry "ECU"]
[SourceTitle "EXT 2022"]
[Source "ChessBase"]
[SourceDate "2021.10.06"]
[SourceVersion "1"]
[SourceVersionDate "2021.10.06"]
[SourceQuality "1"]

1. d4 d5 2. c4 Nf6 3. Nf3 Bf5 4. Bf4 e6 5. Nc3 Be7 6. e3 0-0 7. h3 c6 8. a3 Nbd7 9. Bd3 Ne4 10. Qc2 Ndf6 11. Nd2 Nxd2 12. Qxd2 Ne4 13. Qc2 Nxc3 14. Bxf5 exf5 15. Qxc3 dxc4 16. Qxc4 Qd5 17. Qc3 Qxg2 18. Qd2 Qxh1+ 19. Ke2 Qxa1 20. Qc3 0-1

[Event "ECU Clasif1 U13"]
[Site "Chess.com INT"]
[Date "2020.12.17"]
[Round "9"]
[White "Ulloa Centeno, Luis Manuel"]
[Black "Toala Velez, Dayra Jamileth"]
[Result "1-0"]
[WhiteElo "1180"]
[BlackElo "1173"]
[PlyCount "41"]
[EventDate "2020.12.17"]
[EventType "swiss"]
[EventRounds "9"]
[EventCountry "ECU"]
[SourceTitle "EXT 2022"]
[Source "ChessBase"]
[SourceDate "2021.10.06"]
[SourceVersion "1"]
[SourceVersionDate "2021.10.06"]
[SourceQuality "1"]

1. d4 d5 2. Bf4 Bf5 3. Nf3 Nf6 4. e3 e6 5. Bd3 Bg6 6. c3 c5 7. Bxg6 hxg6 8. Nbd2 Nc6 9. Ne5 Nxe5 10. Bxe5 Bd6 11. Nf3 Bxe5 12. Nxe5 0-0 13. 0-0 cxd4 14. exd4 Nd7 15. f4 g5 16. Nxd7 Qxd7 17. fxg5 Qe7 18. Qh5 f5 19. g6 Rf6 20. Qh7+ Kf8 21. Qh8# 1-0

[Event "ECU-ch Schools U13 Clas2"]
[Site "Chess.com INT"]
[Date "2020.11.20"]
[Round "4"]
[White "Morales Risco, Hugo Alexander"]
[Black "Ulloa Centeno, Luis Manuel"]
[Result "1-0"]
[WhiteElo "1313"]
[BlackElo "1180"]
[PlyCount "129"]
[EventDate "2020.11.20"]
[EventType "swiss"]
[EventRounds "9"]
[EventCountry "ECU"]
[SourceTitle "CBM 199 Extra"]
[Source "ChessBase"]
[SourceDate "2021.01.31"]
[SourceVersion "1"]
[SourceVersionDate "2021.01.31"]
[SourceQuality "1"]

1. e4 d5 2. exd5 Qxd5 3. Nc3 Qd8 4. d4 Nf6 5. Bc4 Bf5 6. Nf3 e6 7. 0-0 c6 8. Re1 Be7 9. Bg5 0-0 10. Bd3 Bxd3 11. Qxd3 h6 12. Bf4 Nbd7 13. Ne5 Nxe5 14. Bxe5 Nd5 15. Nxd5 cxd5 16. Bg3 Bf6 17. f4 Rc8 18. c3 Qd7 19. h3 Qe7 20. f5 Qd7 21. fxe6 fxe6 22. Be5 Bxe5 23. Rxe5 Rf6 24. Re2 Rcf8 25. Rae1 Qf7 26. Qe3 Rf1+ 27. Kh2 Rxe1 28. Rxe1 Re8 29. Qg3 Qf6 30. Re2 Kh7 31. Rf2 Qe7 32. Qe5 Kg8 33. Re2 Qf7 34. Qd6 Qe7 35. Qe5 Qf6 36. Qd6 Qe7 37. Qxe7 Rxe7 38. Kg3 Kf7 39. Kf4 Kf6 40. Rf2 g5+ 41. Kg4+ Kg6 42. Re2 h5+ 43. Kg3 Kf5 44. Kf3 g4+ 45. hxg4+ hxg4+ 46. Kg3 Kg5 47. Re5+ Kf6 48. Kxg4 Rg7+ 49. Kf3 Rh7 50. Re2 Rh1 51. a3 Rf1+ 52. Rf2 Rb1 53. Kg4+ Kg6 54. g3 Re1 55. Kf4 Re4+ 56. Kf3 Kf5 57. Re2 Rg4 58. Re5+ Kf6 59. Kxg4 Ke7 60. Kg5 Kf7 61. g4 Kf8 62. Kf6 b5 63. Rxe6 a5 64. Ra6 a4 65. Ra8# 1-0

[Event "ECU-ch Schools U13 Clas1"]
[Site "Chess.com INT"]
[Date "2020.11.18"]
[Round "3"]
[White "Pianchiche Acero, Miyamu Nillu"]
[Black "Ulloa Centeno, Luis Manuel"]
[Result "1-0"]
[WhiteElo "1417"]
[BlackElo "1180"]
[PlyCount "174"]
[EventDate "2020.11.18"]
[EventType "swiss"]
[EventRounds "9"]
[EventCountry "ECU"]
[SourceTitle "CBM 199 Extra"]
[Source "ChessBase"]
[SourceDate "2021.01.31"]
[SourceVersion "1"]
[SourceVersionDate "2021.01.31"]
[SourceQuality "1"]

1. c4 f5 2. Nc3 Nf6 3. d4 g6 4. Nf3 Bg7 5. Bf4 0-0 6. e3 e6 7. Bd3 d5 8. cxd5 exd5 9. 0-0 c6 10. Rc1 Be6 11. Ng5 Bf7 12. Na4 Nbd7 13. b4 Ne4 14. Nxe4 dxe4 15. Be2 Nf6 16. Nc5 Qc8 17. a4 b6 18. Nb3 Qe6 19. Bc4 Nd5 20. Nd2 Qd7 21. Bxd5 Bxd5 22. Nc4 Bxc4 23. Rxc4 Qd5 24. Qc2 Rac8 25. Rc1 Rf6 26. Be5 Re6 27. Bxg7 Kxg7 28. b5 Rc7 29. g3 Kf7 30. bxc6 Ke7 31. Qc3 Kf6 32. h4 h5 33. Qb4 Rd6 34. Qb5 Ke6 35. Kf1 Ke7 36. Ke2 Ke6 37. R1c3 Qxb5 38. axb5 Rd5 39. Rb4 Kd6 40. Ra3 Ke7 41. Kd2 Kd8 42. Kc3 Ke7 43. Kc4 Kd6 44. Rba4 a5 45. Rb3 Ke6 46. Kc3 Kd6 47. Kb2 Ke6 48. Rc4 Rd6 49. Ra4 Ke7 50. Rc3 Ke6 51. Raa3 Ke7 52. Rab3 Kd8 53. Rc2 Kc8 54. Rd2 Kd8 55. d5 Kc8 56. Ra3 Kd8 57. Ra4 Ke7 58. Kc3 Kf6 59. Kc4 Ke7 60. Ra3 Kd8 61. Kd4 Ke7 62. Ke5 Rc8 63. Rd4 Rc7 64. Rxa5 bxa5 65. b6 Rdxc6 66. dxc6 Rxc6 67. b7 Rb6 68. Ra4 Rb5+ 69. Kf4 Rxb7 70. Rxa5 Rb6 71. Kg5 Kf7 72. Ra7+ Ke6 73. Rg7 Ke5 74. Rxg6 Rb2 75. Kxh5 Rxf2 76. Rg5 Rf3 77. g4 Ke6 78. Rg6+ Ke5 79. Rg5 Ke6 80. Kg6 fxg4 81. Rxg4 Rxe3 82. h5 Rh3 83. Rxe4+ Kd5 84. Rg4 Ke6 85. h6 Ke7 86. Kg7 Ke8 87. h7 Rxh7+ 1-0

[Event "ECU-ch Schools U13 Clas1"]
[Site "Chess.com INT"]
[Date "2020.11.18"]
[Round "2"]
[White "Ulloa Centeno, Luis Manuel"]
[Black "Salazar Peralta, Edwin Elian"]
[Result "1-0"]
[WhiteElo "1180"]
[BlackElo "1178"]
[PlyCount "131"]
[EventDate "2020.11.18"]
[EventType "swiss"]
[EventRounds "9"]
[EventCountry "ECU"]
[SourceTitle "CBM 199 Extra"]
[Source "ChessBase"]
[SourceDate "2021.01.31"]
[SourceVersion "1"]
[SourceVersionDate "2021.01.31"]
[SourceQuality "1"]

1. d4 d5 2. Bf4 Nf6 3. Nf3 e6 4. e3 c5 5. c3 Be7 6. Bd3 0-0 7. 0-0 Nc6 8. Nbd2 cxd4 9. exd4 Bd6 10. Ne5 Qc7 11. Re1 Nd7 12. Ndf3 f6 13. Nxc6 Bxf4 14. Nb4 e5 15. Nxd5 Qd6 16. Bc4 a6 17. Nxf4+ Kh8 18. Nd5 b5 19. Bb3 Bb7 20. dxe5 fxe5 21. Ne3 Qc6 22. Bd5 Qc7 23. Bxb7 Qxb7 24. Qd5 Qxd5 25. Nxd5 Nf6 26. Nxf6 Rxf6 27. Rxe5 Raf8 28. Rae1 g5 29. Re8 Rxe8 30. Rxe8+ Kg7 31. h3 h5 32. Nxg5 Kg6 33. Nf3 Kf5 34. Nd4+ Kg6 35. Re6 Kf7 36. Rxf6+ Kxf6 37. Kh2 Ke7 38. Kg3 Kd6 39. Kh4 Kc5 40. Kxh5 Kc4 41. Kg6 Kd3 42. h4 Ke4 43. h5 a5 44. h6 Kd5 45. h7 b4 46. h8Q bxc3 47. Qd8+ Kc4 48. bxc3 Kd3 49. Nf3+ Kxc3 50. Qd4+ Kc2 51. Qd2+ Kb1 52. Nd4 Ka1 53. Qc2 a4 54. Qc1+ Kxa2 55. Qc4+ Ka1 56. f4 a3 57. f5 a2 58. f6 Kb2 59. Qb4+ Kc1 60. Qa3+ Kb1 61. f7 a1B 62. f8Q Bxd4 63. Qf1+ Kc2 64. Qe2+ Kb1 65. Qb3+ Ka1 66. Qea2# 1-0

[Event "ECU-ch Schools U15 Clas1"]
[Site "Chess.com INT"]
[Date "2020.11.05"]
[Round "5"]
[White "Pianchiche Acero, Miyamu Nillu"]
[Black "Ulloa Centeno, Luis Manuel"]
[Result "1-0"]
[WhiteElo "1417"]
[BlackElo "1180"]
[PlyCount "153"]
[EventDate "2020.11.05"]
[EventType "swiss"]
[EventRounds "9"]
[EventCountry "ECU"]
[SourceTitle "EXT 2022"]
[Source "ChessBase"]
[SourceDate "2021.10.06"]
[SourceVersion "1"]
[SourceVersionDate "2021.10.06"]
[SourceQuality "1"]

1. c4 e5 2. Nc3 Nf6 3. d3 d6 4. g3 Be7 5. Bg2 Nc6 6. Nf3 Bf5 7. 0-0 0-0 8. Rb1 h6 9. b4 Rb8 10. b5 Nd4 11. Nxd4 exd4 12. Nd5 Nxd5 13. Bxd5 Bf6 14. Bg2 Qd7 15. a4 Bh3 16. Re1 Bxg2 17. Kxg2 b6 18. e4 c5 19. f4 Rfe8 20. Qf3 Re7 21. Bd2 Ree8 22. Re2 Re6 23. Rbe1 Rbe8 24. g4 Bh4 25. Rf1 Rg6 26. h3 Rge6 27. f5 R6e7 28. Bf4 Bg5 29. Bxg5 hxg5 30. Rfe1 f6 31. Qg3 Kf7 32. h4 gxh4 33. Qxh4 Rg8 34. Rh1 Ree8 35. g5 Qd8 36. Qh5+ Ke7 37. gxf6+ gxf6+ 38. Kf3 Rg7 39. Rg2 Reg8 40. Rxg7+ Rxg7 41. Qh3 Qg8 42. Kf2 Kf8 43. Rh2 Kf7 44. Qf3 Rh7 45. Rxh7+ Qxh7 46. Kg2 Qh6 47. Qg3 Qd2+ 48. Kg1 Qd1+ 49. Kh2 Qxa4 50. Qg6+ Ke7 51. Qg7+ Ke8 52. Qg8+ Kd7 53. Qe6+ Kc7 54. Qe7+ Kc8 55. Qe8+ Kc7 56. Qc6+ Kd8 57. Qxd6+ Ke8 58. Qe6+ Kf8 59. Qxf6+ Kg8 60. Qg5+ Kh8 61. Qg3 Qc2+ 62. Kh3 Qe2 63. Qh4+ Kg7 64. Qg4+ Qxg4+ 65. Kxg4 Kf6 66. Kf4 Kf7 67. e5 Ke7 68. f6+ Kf8 69. Kf5 Ke8 70. e6 Kf8 71. Kg6 Ke8 72. f7+ Kd8 73. f8Q+ Kc7 74. Qe7+ Kb8 75. Qd7 a6 76. e7 axb5 77. e8R# 1-0